Apple IIGS toolbox reference.

Bibliographic Details
Format: Book
Language:English
Published: Reading, Mass. : Addison-Wesley Pub. Co., 1987
Subjects:

MARC

Tag First Indicator Second Indicator Subfields
LEADER 00000cam a2200000 a 4500
001 in00000031387
005 20151007060417.0
008 880510c19871988maua b 00100 eng
010 |a  88139493  
020 |a 0201177463 (v. 1) :  |c $26.95 
020 |a 0201177471 (v. 2) :  |c $26.95 
035 |a (OCoLC)18136587 
035 |9 AAC0786AM 
040 |a DLC  |c DLC  |d TXA  |d UtOrBLW 
049 |a TXAM  |v 1 [A11111845] 
050 0 0 |a QA76.8.A66235  |b A67 1988 
082 0 |a 005.265  |2 19 
245 0 0 |a Apple IIGS toolbox reference. 
264 1 |a Reading, Mass. :  |b Addison-Wesley Pub. Co.,  |c 1987 
264 4 |c ©1988 
300 |a 3 volumes :  |b illustrations (some color) ;  |c 24 cm. 
336 |a text  |b txt  |2 rdacontent 
337 |a unmediated  |b n  |2 rdamedia 
338 |a volume  |b nc  |2 rdacarrier 
500 |a Includes index. 
650 0 |a Apple IIGS (Computer)  |x Programming. 
650 0 |a Utilities (Computer programs) 
740 0 |a Apple 2GS toolbox reference. 
740 0 |a Apple two GS toolbox reference. 
999 |a MARS 
999 f f |s 9aae2b25-0dbc-35df-8866-ea767696974b  |i fc60a5fe-dbf5-37a9-b5d1-dbbbc15a01b2  |t 0 
952 f f |p ric  |a Texas A&M University  |b Rellis Campus  |c Joint Library Facility  |d Remote Storage  |t 0  |e QA76.8 .A66235 A67 1988  |h Library of Congress classification  |i unmediated -- volume  |k v.1  |m A14811111845 
952 f f |p ric  |a Texas A&M University  |b Rellis Campus  |c Joint Library Facility  |d Remote Storage  |t 0  |e QA76.8 .A66235 A67 1988  |h Library of Congress classification  |i unmediated -- volume  |k v.3  |m A14814736369 
952 f f |p ric  |a Texas A&M University  |b Rellis Campus  |c Joint Library Facility  |d Remote Storage  |t 0  |e QA76.8 .A66235 A67 1988  |h Library of Congress classification  |i unmediated -- volume  |k v.2  |m A14814736416 
998 f f |a QA76.8 .A66235 A67 1988  |s v.1-v.3  |t 0  |l Remote Storage